000 01233ncm a2200349 a 4500
999 _c349378
_d349378
003 BLK
005 20230821165959.0
008 200324b bu ||||| |||| 00| 0 bu d
040 _aBLK
041 _aBUL
_cBUL
080 _aМузика за духови инструменти
_b788
_z788(075)
_x(075)
100 _9389208
_aДимитров, Сава
_eпърви автор
139 _aДимитров, Сава
_bД 58
245 _aШкола за кларинет
_bНотирана музика
_cСава Димитров ; ред. Здравко Манолов
260 _9209430
_aСофия
_bМузика
_c1977
300 _a200 с.
_c34 см
_bс ноти
380 _a7
500 _a1 575 тир.
653 7 _9200852
_aшколи
653 7 _9188643
_aкларинети
700 _9389208
_aДимитров, Сава
_eпърви автор
700 _91311
_aМанолов, Здравко Христов
_eред.
852 _aЦб М ІІ 7344
_bИП
942 _cNOT
_n0
_s1
_01
944 _aCR
_c2020-03-24
_lРусанова Ирена
_k30542
999 _d349378
999 _d349378
999 _d349378
999 _d349378
999 _d349378
999 _d349376